Clothing Idioms Quiz Stats

 Plays Quiz Updated Aug 2, 2018

Challenge
Share
Tweet
Embed
Score 0/20 Timer 04:00
0 Plays Today
% Correct
Dressed to the nines
93.4%
Smarty pants
92.8%
Handle with kid gloves
92.7%
Wear several hats
92.5%
Wolf in sheep’s clothing
92.4%
Roll up one's sleeves
91.7%
Burn a hole in one’s pocket
91.5%
Put one's thinking cap on
91.4%
Fill someone's shoes
91.3%
At the drop of a hat
90.8%
% Correct
Come apart at the seams
90%
Wear one’s heart on one’s sleeve
89.7%
Take one's hat off
87.5%
Lick someone's boots
86.3%
Hang on coattails
85.6%
Below the belt
85.3%
A card up one's sleeve
84.6%
Cloak-and-Dagger
82.8%
Have ants in one's pants
81.9%
Have a bee in your bonnet
79.4%

You're not logged in!

Compare scores with friends on all Sporcle quizzes.
OR
Log In

You Might Also Like...

Show Comments

Extras

Top Quizzes Today


Score Distribution

Your Account Isn't Verified!

In order to create a playlist on Sporcle, you need to verify the email address you used during registration. Go to your Sporcle Settings to finish the process.

Report this User

Report this user for behavior that violates our Community Guidelines.

Details: